An elementary textbook on land surveying (Record no. 86755)

MARC details
000 -LEADER
fixed length control field 00480cam a2200193 4500
001 - CONTROL NUMBER
control field D13582
008 - FIXED-LENGTH DATA ELEMENTS--GENERAL INFORMATION
fixed length control field 090401t1946 xxu||||| |||| 00| 0 eng d
035 ## - SYSTEM CONTROL NUMBER
System control number (Sirsi) u10529
041 ## - LANGUAGE CODE
Language code of text/sound track or separate title eng
100 ## - MAIN ENTRY--PERSONAL NAME
Personal name Parry, R.
245 #3 - TITLE STATEMENT
Title An elementary textbook on land surveying
250 ## - EDITION STATEMENT
Edition statement 5th
260 ## - PUBLICATION, DISTRIBUTION, ETC.
Name of publisher, distributor, etc. Estates Gazette
Date of publication, distribution, etc. 1946
350 ## - PRICE (NR) (BK AM CF MU VM SE) [OBSOLETE]
Price 0
520 ## - SUMMARY, ETC.
Summary, etc. Reference copy in the basement - marked with notes.
700 ## - ADDED ENTRY--PERSONAL NAME
Personal name Jenkins, W.R.
942 ## - ADDED ENTRY ELEMENTS (KOHA)
Suppress in OPAC 0
948 ## - LOCAL PROCESSING INFORMATION (OCLC); SERIES PART DESIGNATOR (RLIN)
c (OCLC) 04/03/1997
Holdings
Withdrawn status Lost status Source of classification or shelving scheme Damaged status Not for loan Home library Current library Shelving location Date acquired Total Checkouts Full call number Barcode Date last seen Copy number Price effective from Koha item type
    Other/Generic Classification Scheme     London London Basement 14/09/1999   SHELF 133 30022244 06/08/2019 1 06/08/2019 Reference material
    Dewey Decimal Classification     London London Basement 02/08/2017   BASEMENT 61 30078494 06/08/2019 1 06/08/2019 Reference material